000
00315nam a2200109Ia 4500
008
220204s9999 xx 000 0 und d
082
_b
HAY
100
_a
HAYEK, F A
245
0
_a
New studies in philosophy, politics, economics and the history of ideas
260
_a
London
_b
Routledge & Kegan Paul
_c
1978
942
_c
BK
999
_c
29853
_d
29853